[Event "Chefchaouen op 17th"]
[Site "Chefchaouen"]
[Date "2018.07.24"]
[Round "3"]
[White "Attat, Abdelmajid"]
[Black "Oussedik, Mahfoud"]
[Result "0-1"]
[WhiteElo "1709"]
[BlackElo "2318"]
[PlyCount "80"]
[EventDate "2018.07.23"]
[EventType "swiss"]
[EventRounds "9"]
[EventCountry "MAR"]
[SourceTitle "EXT 2020"]
[Source "ChessBase"]
[SourceDate "2019.10.17"]
[SourceVersion "1"]
[SourceVersionDate "2019.10.17"]
[SourceQuality "1"]

1. c4 g6 2. g3 Bg7 3. Bg2 d6 4. Nc3 a6 5. Nf3 c5 6. 0-0 Nc6 7. d3 Rb8 8. h3 e6 9. e4 Nge7 10. Rb1 b5 11. Bd2 0-0 12. b3 Bd7 13. Ne2 Nb4 14. Bxb4 cxb4 15. Ned4 Qb6 16. Nc2 a5 17. Qd2 Rfc8 18. Rfc1 Bc3 19. Qe3 Qxe3 20. Nxe3 a4 21. d4 bxc4 22. Nxc4 d5 23. Nd6 Rc6 24. e5 Nc8 25. Nxc8 Rcxc8 26. Bf1 Ra8 27. Nh2 axb3 28. axb3 Ra2 29. Ng4 Kg7 30. Nf6 Bc6 31. h4 Rca8 32. h5 Ra1 33. Rxa1 Rxa1 34. Rxa1 Bxa1 35. f4 Bxd4+ 36. Kh2 Bc5 37. Bd3 h6 38. hxg6 fxg6 39. g4 Be3 40. Kg3 g5 0-1